| 000 | 00958cab a2200265 4500 | ||
|---|---|---|---|
| 001 | ABS49039 | ||
| 008 | 090401t1993 xxu||||| |||| 00| 0 eng d | ||
| 035 | _a(Sirsi) u69603 | ||
| 041 | _aeng | ||
| 100 | _aJones, G. | ||
| 245 | _aPlanning and the reduction of transport emissions | ||
| 260 | _c1993 | ||
| 350 | _a0 | ||
| 490 |
_aThe Planner _v79(7) July 1993, 15-18(4) |
||
| 520 | _aDraws out the implications for planning policy of a government report on CO2 levels, exploring the relationship between travel demand and land use changes. Planning policies can shape an environment to reduce the need to travel and consequently the level of transport emissions. | ||
| 650 | _aCARBON DIOXIDE EMISSIONS | ||
| 650 | _aOUT-OF-TOWN SHOPPING | ||
| 650 | _aTRAFFIC | ||
| 650 | _aTRANSPORT | ||
| 650 | _aTRAVEL DEMANDS | ||
| 690 | _aENVIRONMENTAL AND LAND CONSULTANCY | ||
| 690 | _aPLANNING LAW AND PRACTICE | ||
| 942 | _n0 | ||
| 948 | _c04/03/1997 | ||
| 999 |
_c43724 _d43724 |
||